Natural activities bug hunter

Bibliographic Details
Main Author: Burnie, David
Format: Book
Published: London : DK , 2005
Subjects:

MARC

LEADER 00000cam a2200000 7i4500
001 0000018525
005 20080606.0
008 080606
020 |a 1405306505 
090 0 0 |a 595.7   |b BUR 
100 0 |a Burnie, David. 
245 1 0 |a Natural activities bug hunter   |c David Burnie 
260 |a London :   |b DK ,   |c 2005 
500 |a Include index 
650 0 |a Insects Juvenile literature 
999 |a 0001014318   |b Book   |c Adult Collection   |e Perbadanan Perpustakaan Awam Johor